000 00559cam a2200193 4500500
005 20260329005142.0
041 _afre
042 _adc
100 1 0 _aDurand, Jean-Marie
_eauthor
245 0 0 _aParis des profondeurs
260 _c2022.
500 _a56
690 _aMystère
690 _aPacôme Thiellement
690 _aParis
690 _aSecret
786 0 _nPhilosophie magazine | 162 | 9 | 2022-09-01 | p. 72-73 | 1951-1787
856 4 1 _uhttps://shs.cairn.info/magazine-philosophie-magazine-2022-9-page-72?lang=fr&redirect-ssocas=7080
999 _c1840779
_d1840779